| 000 | 01017nam a22002537a 4500 | ||
|---|---|---|---|
| 005 | 20170124102940.0 | ||
| 010 | _aB-069801 | ||
| 020 |
_c95.00 _a8126704071 |
||
| 035 | _aB-069801 | ||
| 037 | _bCen Lib/Ret | ||
| 040 |
_aDPL _bHN |
||
| 082 |
_a822 _bमहर्षि |
||
| 100 |
_aमहर्षि, मोहन _948027 |
||
| 245 |
_aरजा की रसोई / _cमोहन महर्षि |
||
| 246 |
_aRaja ki rasoi / _bby Mohan Maharshi |
||
| 260 |
_aनई दिल्ली _bराजकमल प्रकाशन _c2002 |
||
| 270 |
_bनई दिल्ली _a1-बी, नेताजी सुभाष मार्ग _e110002 |
||
| 300 |
_a78पृ. _c20मी(सजिल्द) |
||
| 650 |
_aहिन्दी साहित्य _948028 |
||
| 650 |
_aहिन्दी साहित्य -- नाटक _946022 |
||
| 650 |
_aHindi literature _948029 |
||
| 650 |
_aHindi literature -- Drama _948030 |
||
| 942 |
_2ddc _cHN _h822 _mमहर्षि |
||
| 999 |
_c112525 _d112525 |
||